000 00571nam a2200193Ia 4500
005 20250923144807.0
008 008 250917s9999 xx 000 0 eng d
037 _aTextual
040 _aDSWL
_beng
_cDSWL
041 _aeng
_2eng
084 _aY172:1:12.2181.N6, K2
_qDSWL
100 _aRaghaviah, V.
_9828484
245 4 _aThe Yanadis
_cby V. Raghaviah
260 _aNew Delhi
_bDelhiBharatiya Adimjati Seva
_c1962
365 _aINR
_b17.50
925 _g17.50
942 _cTEXL
_hY172:1:12.2181.N6, K2
999 _c1443417
_d1443417